| 000 | 00872na a2200277 4500 | ||
|---|---|---|---|
| 001 | 16679 | ||
| 003 | MIRAKIL | ||
| 005 | 20181213155003.0 | ||
| 008 | 161012b tu 000 0 | ||
| 020 | _a9786051370002 | ||
| 035 | _a16679 | ||
| 040 |
_aMilas _btur _cTR-AnCHP |
||
| 041 | _atur | ||
| 082 |
_a725.2 _bÖ97t 2011 |
||
| 090 | _a725.2 Ö97t 2011 | ||
| 100 | _aÖztürk, Hüseyin | ||
| 245 |
_aTarihin ve medeniyetin beşiği çarşılar _cHüseyin Öztürk |
||
| 260 |
_aİstanbul _bİstanbul Ticaret Odası _c2011 |
||
| 300 |
_a319 s. _bfotg. _c28 sm. |
||
| 440 |
_aEkonomik ve Sosyal Tarih Yayınları _v2010-65 |
||
| 650 |
_aTarihi yapılar _xPazar yerleri _zTürkiye |
||
| 650 |
_aÇarşılar _xTarih _yKılavuzlar _zTürkiye |
||
| 651 |
_aTürkiye _xGezi ve tanıtım _yÇarşılar |
||
| 651 |
_aTürkiye _xSosyal yaşam ve gelenekler |
||
| 942 |
_2ddc _cBKS |
||
| 999 |
_c4378 _d4378 |
||